000 00444nam a2200169 i 4500
001 bg
100 1 _aDARWIN, Karol
245 0 _aO wyrazie uczuć u człowieka i zwierząt /
_cK. Darwin.
260 _aWarszawa,
_c1988.
490 1 _aBiblioteka Klasyków Psychologii
830 _aBiblioteka Klasyków Psychologii
040 _cBPK
041 _apol
080 _a159.94:591.5
942 _cKS
008 s pl f |000 0 pol
999 _c23912
_d23912
856 _uhttp://koha.tu.koszalin.pl/cgi-bin/koha/opac-detail.pl?biblionumber=23912
_yKatalog online BPK